000 00201 a2200097 4500
001 48924
100 _aGAF
245 _aPher Marshal la Aagia
260 _aLahore
_bjang Pub
_c
090 _c31816
_d31816
942 _aNUST-CAE
_cM
_c24243
999 _c283997
_d283997